000 00595nam a2200193 i 4500
001 135281
003 ES-MaACL
005 20230906194840.0
007 t|
008 070713s1973 sp ||||1| cat d
080 _a92 Jaime (465.2) I
100 1 _aTona i Nadalmai, Abelardo.
_9110565
245 1 0 _aMinyonia del bon rei Jaume El Conqueridor, la dona i la llegenda /
_cAbelardo Tona i Nadalmai.
250 _a[1ª ed.].
260 _a[Barcelona :
_bPáortic,
_c1973]
300 _a252 p. ;
_c18 cm.
600 0 4 _aJaime
_bI
_cRey de Aragón.
_965934
852 _aES-MaACL
_jC-55731
_bR.88194
999 _c135281
_d135281